[Event "Rouen op 9th"]
[Site "Rouen"]
[Date "2016.12.20"]
[Round "6"]
[White "Lormier, Vincent"]
[Black "Vigneron, Frederic"]
[Result "0-1"]
[WhiteElo "1399"]
[BlackElo "1800"]
[PlyCount "64"]
[EventDate "2016.12.17"]
[EventType "swiss"]
[EventRounds "7"]
[EventCountry "FRA"]
[SourceTitle "CBM 176 Extra"]
[Source "ChessBase"]
[SourceDate "2017.03.02"]
[SourceVersion "1"]
[SourceVersionDate "2017.03.02"]
[SourceQuality "1"]

1. e4 c5 2. c3 d5 3. exd5 Qxd5 4. d4 Nc6 5. Nf3 Nf6 6. Be2 e6 7. Na3 a6 8. Bf4 cxd4 9. Nc4 Qd8 10. Nxd4 Nxd4 11. Qxd4 Qxd4 12. cxd4 Bb4+ 13. Bd2 Bxd2+ 14. Nxd2 0-0 15. Bf3 Rd8 16. Nb3 Rb8 17. 0-0 b6 18. Rfd1 Bb7 19. Bxb7 Rxb7 20. g3 Rbd7 21. f4 a5 22. a4 h5 23. h3 h4 24. Kg2 Nh5 25. gxh4 Nxf4+ 26. Kf3 Ng6 27. h5 Ne7 28. Rac1 Rd5 29. Kg4 f6 30. Rc7 Rg5+ 31. Kf3 Nd5 32. h4 Rf5+ 0-1

[Event "Rouen op 9th"]
[Site "Rouen"]
[Date "2016.12.19"]
[Round "4"]
[White "Lormier, Vincent"]
[Black "Dunand, Damien"]
[Result "0-1"]
[WhiteElo "1399"]
[BlackElo "1650"]
[PlyCount "82"]
[EventDate "2016.12.17"]
[EventType "swiss"]
[EventRounds "7"]
[EventCountry "FRA"]
[SourceTitle "CBM 176 Extra"]
[Source "ChessBase"]
[SourceDate "2017.03.02"]
[SourceVersion "1"]
[SourceVersionDate "2017.03.02"]
[SourceQuality "1"]

1. e4 Nf6 2. Nc3 d5 3. exd5 Nxd5 4. Bc4 Nxc3 5. bxc3 Nc6 6. d4 Bf5 7. Ba3 e6 8. Bxf8 Kxf8 9. Nf3 Qf6 10. 0-0 Bg4 11. Ne5 Nxe5 12. dxe5 Bxd1 13. exf6 Bxc2 14. fxg7+ Kxg7 15. Bb3 Be4 16. f3 Bc6 17. Rfd1 Rad8 18. Kf2 Rd6 19. Rxd6 cxd6 20. Rd1 d5 21. f4 Rd8 22. Rd4 f6 23. Bc2 h5 24. h3 e5 25. fxe5 fxe5 26. Rh4 Rf8+ 27. Ke3 Be8 28. Bb3 Bf7 29. g4 hxg4 30. Rxg4+ Kf6 31. Rg1 Rh8 32. Rf1+ Ke7 33. Rh1 Rh4 34. Kf2 Kf6 35. Kg3 Kg5 36. Re1 e4 37. Rd1 Be6 38. Bxd5 Rxh3+ 39. Kg2 Bg4 40. Bxe4 Rxc3 41. Bxb7 Bxd1 0-1